| 000 | 01222nam a22003497a 4500 | ||
|---|---|---|---|
| 003 | CHAP | ||
| 005 | 20220329133218.0 | ||
| 008 | 971013s1991 r 00010 d | ||
| 010 | _a3442 | ||
| 011 | _a4414 | ||
| 035 | _a3617 | ||
| 040 | _cCHAP | ||
| 090 | _aTesis | ||
| 100 | 0 | 0 |
_aEl-AcHkar Henaine, María Nayibe. _936169 |
| 245 | _aDeterminación de la resistencia de cuatro lineas de frijol (Phaseolus vulgaris L.) al gorgojo Zabrotes subfasciatus (Boh.) | ||
| 260 |
_aMontecillo, Méx. : _bEl autor, _c1991 |
||
| 300 | _a69 h | ||
| 500 | _aD50-9 | ||
| 502 | _aTesis (M.C. Esp. en Entomología y Acarología) --C.P. Centro de Entomología y Acarología | ||
| 590 |
_aALEPH _b10 _c20130110 _lUCH01 _h1215 |
||
| 590 |
_aBATCH-UPD _b10 _c20130110 _lUCH01 _h1629 |
||
| 590 |
_aBATCH-UPD _b10 _c20130410 _lUCH01 _h1022 |
||
| 590 |
_aBATCH-UPD _b10 _c20130914 _lUCH01 _h1439 |
||
| 590 |
_aCONVERSION _b10 _c20130109 _lUCH01 _h1303 |
||
| 650 | 1 | 4 |
_aFrijol _xPlagas. _943415 |
| 650 | 1 | 4 |
_aFrijol _xVariedades resistentes a plagas. _943450 |
| 650 | 1 | 4 |
_aZabrotes subfasciatus. _9123383 |
| 901 | _aBK | ||
| 942 | _cFOLL | ||
| 949 |
_bBC _cTES _d-13141 _eTS1 _h24313 _i3617 _si |
||
| 949 |
_bBC _cTES _d-72423 _eTS2 _fc.2 _h24314 _i3617 _si |
||
| 999 |
_c3442 _d3442 |
||